Ứng dụng matlab trong điều khiển tự động

Uloženo v:
Podrobná bibliografie
Hlavní autor: NGUYỄN VĂN GIÁP
Médium: Kniha
Jazyk:Undetermined
Vydáno: ĐHQG Tp HCM
Tagy: Přidat tag
Žádné tagy, Buďte první, kdo otaguje tento záznam!
Thư viện lưu trữ: Trung tâm Học liệu Trường Đại học Cần Thơ
LEADER 00420nam a2200133Ia 4500
001 CTU_47682
008 210402s9999 xx 000 0 und d
082 |a 629.895 
082 |b Gi109 
100 |a NGUYỄN VĂN GIÁP 
245 0 |a Ứng dụng matlab trong điều khiển tự động 
245 0 |c NGUYỄN VĂN GIÁP 
260 |b ĐHQG Tp HCM 
980 |a Trung tâm Học liệu Trường Đại học Cần Thơ